MARC details
| 000 -CABECERA |
| campo de control de longitud fija |
02959nam a22003377a 4500 |
| 003 - IDENTIFICADOR DEL NÚMERO DE CONTROL |
| campo de control |
MX-MxUPN |
| 005 - FECHA Y HORA DE LA ÚLTIMA TRANSACCIÓN |
| campo de control |
20250208063747.0 |
| 008 - ELEMENTOS DE LONGITUD FIJA--INFORMACIÓN GENERAL |
| campo de control de longitud fija |
240126t2023 nyua|||fr|||| 00| 0 spa d |
| 020 ## - NÚMERO INTERNACIONAL NORMALIZADO PARA LIBROS |
| Número Internacional Estándar del Libro |
9781433196706 |
| 040 ## - FUENTE DE LA CATALOGACIÓN |
| Centro catalogador/agencia de origen |
MX-MxUPN |
| Lengua de catalogación |
spa |
| Centro/agencia transcriptor |
MX-MxUPN |
| 041 ## - CÓDIGO DE IDIOMA |
| Código de lengua del texto/banda sonora o título independiente |
spa |
| 050 #4 - SIGNATURA TOPOGRÁFICA DE LA BIBLIOTECA DEL CONGRESO |
| Número de clasificación |
LB1027 |
| Número de documento/Ítem |
I5668 2023 |
| 245 00 - MENCIÓN DE TÍTULO |
| Título |
Innovar en tiempos de COVID-19 : |
| Resto del título |
tendencias y retos en la educación del contexto mexicano |
| 260 ## - PUBLICACIÓN, DISTRIBUCIÓN, ETC. |
| Lugar de publicación, distribución, etc. |
New York : |
| Nombre del editor, distribuidor, etc. |
Peter Lang, |
| Fecha de publicación, distribución, etc. |
©2023. |
| 300 ## - DESCRIPCIÓN FÍSICA |
| Extensión |
xxii, 170 páginas : |
| Otras características físicas |
ilustraciones |
| 500 ## - NOTA GENERAL |
| Nota general |
Bibliografia Básica |
| 504 ## - NOTA DE BIBLIOGRAFÍA, ETC. |
| Nota de bibliografía, etc. |
Incluye índice y bibliografía. |
| 505 ## - NOTA DE CONTENIDO CON FORMATO PREESTABLECIDO |
| Título |
Capítulo 1. Participación familiar en contexto post COVID-19 / |
| Mención de responsabilidad |
Monserrat Bravo Delgado -- |
| Título |
Capítulo 2. Educación preescolar en México en tiempos de pandemia / |
| Mención de responsabilidad |
Guadalupe Maribel Hernández Muñoz, Cecilia María Madero González y Oscar Franco Ávila -- |
| Título |
Capítulo 3. La inclusión educativa durante COVID-19 : experiencias / |
| Mención de responsabilidad |
Sandra Angelica de los Santos Navarrete y Raquel Tejeda Tirado -- |
| Título |
Capítulo 4. Incertidumbre en tiempo pandémico : un camino para aprender / |
| Mención de responsabilidad |
Martha Elba Ruiz Libreros, Ma. de los Ángeles Peña Hernández y Erika Cortés Flores -- |
| Título |
Capítulo 5. Modelo híbrido en la educación superior durante COVID-19 / |
| Mención de responsabilidad |
Claudia Zaragoza Orozco y Monserrat Bravo-Delgado |
| Título |
Capítulo 6. Virtualidad y educación a distancia : reto de información / |
| Mención de responsabilidad |
Juan Manuel Sánchez Flores y Mario Alberto Carlos Trujillo Maldonado -- |
| Título |
Capítulo 7. Psicólogos en formación : investigación durante COVID-19 / |
| Mención de responsabilidad |
Marisol de Diego Correa y Juan Manuel Sánchez |
| Título |
Capítulo 8. El aprendizaje autorregulado y pensamiento resiliente / |
| Mención de responsabilidad |
Reyna del C. Martínez Rodríguez y Lilia Benítez Corona -- |
| Título |
Capítulo 9. Implicaciones de Aprendizaje Basado en Investigaciones (ABI) / |
| Mención de responsabilidad |
Leticia Nayeli Ramírez-Ramírez y Monserrat Bravo-Delgado |
| Título |
Capítulo 10. ¿Construcción de afectividad en redes sociales? / |
| Mención de responsabilidad |
Leticia Nayeli Ramírez-Ramírez y Cirilo Rivera García -- |
| Título |
Capítulo 11. Educación para la paz holística y creación de redes de paz / |
| Mención de responsabilidad |
Gloria María Abarca Obregón. |
| 650 #4 - ASIENTO SECUNDARIO DE MATERIA - TERMINO TEMATICO |
| Término de materia o nombre geográfico como elemento de entrada |
Pandemia de COVID-19, 2020-2023 |
| Subdivisión general |
Efecto de la educación |
| Subdivisión geográfica |
México |
| 9 (RLIN) |
54449 |
| 650 #4 - ASIENTO SECUNDARIO DE MATERIA - TERMINO TEMATICO |
| Término de materia o nombre geográfico como elemento de entrada |
Innovaciones educativas |
| Subdivisión geográfica |
México |
| 9 (RLIN) |
54542 |
| 650 #4 - ASIENTO SECUNDARIO DE MATERIA - TERMINO TEMATICO |
| Término de materia o nombre geográfico como elemento de entrada |
Distanciamiento social (Salud pública) y educación |
| Subdivisión geográfica |
México |
| 9 (RLIN) |
48643 |
| 650 #4 - ASIENTO SECUNDARIO DE MATERIA - TERMINO TEMATICO |
| Término de materia o nombre geográfico como elemento de entrada |
Educación |
| Subdivisión general |
Aspectos sociales |
| Subdivisión geográfica |
México |
| 9 (RLIN) |
9024 |
| 700 1# - ASIENTO SECUNDARIO--NOMBRE DE PERSONAL |
| Nombre de persona |
Ramírez-Ramírez, Leticia Nayeli, |
| Fechas asociadas al nombre |
1988- |
| 9 (RLIN) |
54536 |
| Término indicativo de función/relación |
coordinación |
| Filiación |
Universidad Pedagógica Nacional (México) |
| 700 1# - ASIENTO SECUNDARIO--NOMBRE DE PERSONAL |
| Nombre de persona |
Bravo Delgado, Monserrat |
| 9 (RLIN) |
54537 |
| Término indicativo de función/relación |
coordinación |
| 700 1# - ASIENTO SECUNDARIO--NOMBRE DE PERSONAL |
| Nombre de persona |
Santos Navarrete, Sandra Angélica de los |
| 9 (RLIN) |
54538 |
| Filiación |
Universidad Pedagógica Nacional (México) |
| 700 1# - ASIENTO SECUNDARIO--NOMBRE DE PERSONAL |
| Nombre de persona |
Sánchez, Juan Manuel |
| 9 (RLIN) |
52686 |
| Filiación |
Universidad Pedagógica Nacional (México) |
| 700 1# - ASIENTO SECUNDARIO--NOMBRE DE PERSONAL |
| Nombre de persona |
Tejeda Tirado, Raquel |
| 9 (RLIN) |
54539 |
| Filiación |
Universidad Pedagógica Nacional (México) |
| 902 ## - ELEMENTOS DE DATOS B LOCAL, LDB (RLIN) |
| Creó |
Daniela Badillo 26//01/24 |
| Modificó |
MaríaRobles/081124 |
| 942 ## - ELEMENTOS DE PUNTO DE ACCESO ADICIONAL (KOHA) |
| Fuente del sistema de clasificación o colocación |
Library of Congress Classification |
| Tipo de ítem Koha |
Libro |
| Suprimir en OPAC |
No |